| Поле | Инд. | ПП | Название | Значение |
|---|---|---|---|---|
| Тип записи | a | |||
| Библиографический уровень | m | |||
| 001 | Контрольный номер | e8b80fda-a386-490a-8a27-ad78a8f92df9 | ||
| 005 | Дата корректировки | 20160726145906.2 | ||
| 008 | Кодируемые данные | 010803 | ||
| 020 | a | ISBN | 5-7245-1166-5 | |
| c | Цена, тираж | 53.00 | ||
| 040 | a | Служба первич. каталог. | НБ ТвГУ | |
| 041 | 0_ | a | Код языка текста | rus |
| 080 | a | Индекс УДК | 541.121:536.7(075.8) | |
| 084 | a | Индекс другой классификации/Индекс ББК | Г531я731-1 | |
| 090 | x | Авторский знак | Б 16 | |
| a | Полочн. индекс | Г531 | ||
| 100 | 1_ | a | Автор | Бажин Николай Михайлович |
| q | Полное имя | Бажин Н. М. | ||
| 245 | 10 | a | Заглавие | Термодинамика для химиков |
| b | Продолж. заглавия | Учеб. для студентов вузов, обучающихся по спец. "Химия" | ||
| c | Ответственность | Федерал. целевая программа "Гос. поддержка интеграции высш. образования и фундам. науки на 1997-2000 гг." | ||
| 260 | 0_ | a | Место издания | Москва |
| b | Издательство | Химия | ||
| c | Дата издания | 2000 | ||
| 300 | a | Объем | 407 с. | |
| b | Иллюстрации/ тип воспроизводства | ил. | ||
| 504 | a | Библиография | Библиогр.: с. 406-407 | |
| 583 | a | Действие | Получение впервые 488 31.07.2001 | |
| k | Исполнитель действия | Дар Центра "Интеграция" | ||
| 650 | 04 | a | Основная рубрика | Химическая термодинамика |
| 650 | 04 | a | Основная рубрика | Физическая химия |
| x | Основная подрубрика | Учебники для вузов | ||
| 653 | 0_ | a | Ключевые слова | Химическая термодинамика |
| a | Ключевые слова | Физическая химия | ||
| a | Ключевые слова | Термодинамика | ||
| 700 | 1_ | a | Другие авторы | Иванченко Валия Абдарашитовна |
| e | Роль лиц | 1 | ||
| q | Полное имя | Иванченко В. А. | ||
| 700 | 1_ | a | Другие авторы | Пармон Валентин Николаевич |
| q | Полное имя | Пармон В. Н. | ||
| 852 | 41 | t | Порядковый номер экземпляра | 5 |
| p | Инвентарный номер | 736213 | ||
| p | Инвентарный номер | 736214 | ||
| p | Инвентарный номер | 736215 | ||
| p | Инвентарный номер | 736216 | ||
| p | Инвентарный номер | 736217 | ||
| 888 | a | Бесплатные | ||
| 901 | t | Тип документа | m | |
| 920 | a | Оператор | Петр | |
| 930 | a | Новая/Ретро | учебники | |
| 952 | p | 488.2001 53.00 1 736213 | ||
| p | 488.2001 53.00 1 736214 | |||
| p | 488.2001 53.00 1 736215 | |||
| p | 488.2001 53.00 1 736216 | |||
| p | 488.2001 53.00 1 736217 | |||
| c | Вид литературы | К ру | ||
| 954 | a | Дата поступления на обработку | 20010822 | |
| 999 | a | Подразделение 2 | Фил3 |